[Event "16th IRI-chT Super League 2017"]
[Site "Sari"]
[Date "2017.09.13"]
[Round "2"]
[White "Mousavi, Seyed Khalil"]
[Black "Ghaem Maghami, Ehsan"]
[Result "1/2-1/2"]
[WhiteElo "2441"]
[BlackElo "2560"]
[Annotator "TA"]
[PlyCount "51"]
[EventDate "2017.??.??"]
[EventType "team-tourn"]
[EventCountry "IRI"]
[SourceTitle "playchess.com"]
[Source "ChessBase"]
[SourceQuality "1"]

{[%evp 21,51,-20,-14,-25,-14,-24,-23,-7,-21,-29,-48,-33,-32,-67,-63,-48,-62,-118,-52,-51,-33,-33,-33,-33,-29,-33,0,-25,0,0,0,0]} 1. Nf3 Nf6 2. c4 e6 3. g3 d5 4. Bg2 dxc4 5. Qa4+ c6 {[%cal Bc7c6,Bc6c5][%mdl 32]} 6. Qxc4 b5 7. Qc2 Bb7 8. d4 Nbd7 9. Nc3 c5 10. O-O b4 {D30: Queen's Gambit Declined: Systems without Nc3} (10... a6 11. Bg5 Rc8 12. Rad1 Qb6 13. Qd2 Be7 14. Ne5 Bxg2 15. Nxd7 Nxd7 16. Kxg2 cxd4 17. Bxe7 Kxe7 18. Qxd4 Qxd4 19. Rxd4 {½-½ (55) Mamedov,R (2688)-Ghaem Maghami,E (2574) Doha 2016}) 11. Na4 Rc8 {LiveBook: 14 Games. With the idea ...cxd4.} 12. Qd1 cxd4 {Black has an edge.} 13. Nxd4 Bxg2 14. Kxg2 Be7 15. b3 $146 ({Predecessor:} 15. Be3 O-O 16. Rc1 Rxc1 17. Qxc1 Ne5 18. f3 {1-0 (45) Weber,K (2249)-Vegjeleki,A (2157) ICCF email 2009}) 15... O-O 16. Bb2 Nb6 17. Nxb6 Qxb6 18. e3 Ne4 19. a3 ({Better is} 19. Qe2 $15) 19... Nc3 (19... Rfd8 $17 {Hoping for ...bxa3.} 20. Qd3 Qb7) 20. Qf3 Bf6 21. axb4 Bxd4 22. exd4 Nd5 23. b5 Rc7 (23... Rc2 $5 {[%cal Rc2b2]} 24. Ba3 {[#]} Qb7 $1 $15 {[%mdl 512]}) 24. Ba3 Ra8 25. Bc5 Qxb5 26. b4 {Precision: White = 43%, Black = 50%.} 1/2-1/2

[Event "16th IRI-chT Super League 2017"]
[Site "Sari"]
[Date "2017.09.13"]
[Round "2"]
[White "Faghirnavaz, Ali"]
[Black "Tabatabaei, M amin"]
[Result "0-1"]
[WhiteElo "2255"]
[BlackElo "2548"]
[Annotator "TA"]
[PlyCount "84"]
[EventDate "2017.??.??"]
[EventType "team-tourn"]
[EventCountry "IRI"]
[SourceTitle "playchess.com"]
[Source "ChessBase"]
[SourceQuality "1"]

{[%evp 23,84,8,7,0,0,0,0,0,0,0,0,-6,0,-19,0,-12,0,-34,-20,-34,-32,-33,-23,-66,-66,-66,-66,-66,-66,-66,-66,-77,-67,-129,-117,-128,-120,-105,-116,-168,-175,-180,-148,-217,-206,-215,-209,-243,-205,-237,-213,-249,-160,-222,-229,-219,-194,-456,-439,-377,-321,-29946,-12071]} 1. d4 d5 2. Nf3 Nf6 3. e3 Bg4 4. c4 c6 5. Nc3 e6 6. h3 Bh5 7. g4 Bg6 8. Ne5 {D11: Slav Defence: 3 Nf3 sidelines and 3...Nf6 4 e3 Bg4} Nbd7 9. Nxg6 hxg6 10. Bg2 (10. a3 g5 11. Bd2 g6 12. Qf3 a6 13. Bd3 dxc4 14. Bxc4 b5 15. Bf1 c5 {1-0 (50) Andreikin,D (2736)-Aronian,L (2780) Wijk aan Zee 2017}) 10... g5 11. Qb3 Qb6 12. Bd2 Be7 {LiveBook: 59 Games} 13. O-O-O Qxb3 14. axb3 O-O-O 15. Rhf1 {[#]} Nf8 $146 16. Kc2 Ng6 17. Bc1 a6 18. c5 e5 19. dxe5 Nxe5 20. f4 gxf4 21. exf4 Ng6 22. b4 a5 23. Na4 axb4 24. f5 Ne5 25. Nb6+ $1 Kc7 26. Bf4 Bxc5 {White must now prevent ...Bd6.} 27. Nxd5+ $1 Nxd5 28. Bxd5 ({Better is} 28. Bxe5+ $15 Kb6 29. Bxd5 Rxd5 30. Rxd5 cxd5 31. Rh1) 28... cxd5 $17 29. Bxe5+ Kc6 30. Rf3 f6 31. Bf4 (31. Bd4 $17 {keeps fighting.}) 31... Rde8 $19 32. Kb3 Re4 33. Rdd3 (33. Bd2 $17) 33... d4 34. Bd2 Kd5 35. Bxb4 Bxb4 36. Kxb4 {[%mdl 4096] Endgame KRR-KRR} Rhe8 37. Rd1 Re3 38. Rf4 (38. Rxe3 $17 {is a better defense.} Rxe3 39. Rc1) 38... R8e4 39. Rxe4 Kxe4 ({Less strong is} 39... Rxe4 40. Rc1 $15) 40. Kc4 $2 (40. h4) 40... d3 41. h4 Re2 42. Rxd3 $2 {[#]} (42. Kb3 $19 Kd4 43. Rb1) 42... b5+ $1 {[%mdl 512] Precision: White = 30%, Black = 89%.} 0-1

[Event "16th IRI-chT Super League 2017"]
[Site "Sari"]
[Date "2017.09.13"]
[Round "2"]
[White "Aghaei, Alireza"]
[Black "Darini, Pouria"]
[Result "0-1"]
[WhiteElo "2249"]
[BlackElo "2488"]
[Annotator "TA"]
[PlyCount "90"]
[EventDate "2017.??.??"]
[EventType "team-tourn"]
[EventCountry "IRI"]
[SourceTitle "playchess.com"]
[Source "ChessBase"]
[SourceQuality "1"]

1. d4 {Program Activation Required} Nf6 2. Bg5 d5 3. e3 c5 4. Bxf6 gxf6 5. dxc5 e6 6. c4 {D00: Damenbauernspiele} (6. Nf3 Qa5+ 7. Nbd2 f5 8. c4 dxc4 9. Bxc4 Bg7 10. O-O Nd7 11. Nb3 Qc7 12. Qc2 O-O 13. Be2 Nf6 {1-0 (35) Vitiugov,N (2726)-Zhigalko,S (2671) Doha 2016}) 6... dxc4 7. Qxd8+ Kxd8 8. Bxc4 Bxc5 9. Nf3 Ke7 10. Nc3 a6 $146 ({Vorgänger:} 10... Bd7 11. O-O Rc8 12. Bd3 Bb4 13. Ne4 f5 {0-1 (33) Schroeder,K (2341)-Deac,B (2572) Neustadt an der Weinstrasse 2017}) 11. Ke2 Bd7 12. Rhd1 Ba7 13. Rac1 Nc6 14. Ne4 Rhd8 15. g4 h6 16. a3 Na5 17. Bd3 Ba4 18. Rc7+ Kf8 19. Bc2 Bb5+ 20. Ke1 Bc6 21. Rxd8+ Rxd8 22. Nd4 Bb8 23. Nxe6+ fxe6 24. Rh7 Bxe4 25. Bxe4 b5 26. Rxh6 Be5 27. b4 Nc4 28. h4 Bc3+ 29. Ke2 Rd2+ 30. Kf3 Ra2 31. Bb7 Nd6 32. Bc6 Be1 33. Rxf6+ Ke7 34. g5 Rxf2+ 35. Kg4 Rxf6 36. gxf6+ Kxf6 37. h5 Nc4 38. Bb7 Nxa3 39. Bxa6 Bxb4 40. Kf4 Bc3 41. Ke4 b4 42. Kd3 Be5 43. h6 b3 44. Ke4 b2 45. Bd3 Bc3 0-1

[Event "16th IRI-chT Super League 2017"]
[Site "Sari"]
[Date "2017.09.13"]
[Round "2"]
[White "Behzad Nazif, Parva"]
[Black "Pourkashiyan, Atousa"]
[Result "1/2-1/2"]
[WhiteElo "1941"]
[BlackElo "2341"]
[Annotator "TA"]
[PlyCount "133"]
[EventDate "2017.??.??"]
[EventType "team-tourn"]
[EventCountry "IRI"]
[SourceTitle "playchess.com"]
[Source "ChessBase"]
[SourceQuality "1"]

{[%evp 17,133,9,9,0,2,10,8,22,5,12,47,22,33,10,0,-8,31,31,28,29,57,35,39,41,117,75,318,315,308,312,310,244,239,213,175,175,161,74,253,276,212,166,156,89,124,108,123,42,85,66,68,-30,-28,-40,-31,-89,-87,-125,-123,-245,-239,-218,-204,-281,-270,-410,-410,-507,-490,-479,-469,-643,-643,-954,-907,-1543,-143,-157,-95,-95,-35,-34,0,0,0,-622,-9,-8,-8,-19,-19,-19,-20,-22,-27,-24,-24,-27,-17,-67,0,0,0,0,0,0,62,-485,62,62,62,62,62,62,63,63,63,64]} 1. d4 Nf6 2. c4 e6 3. Nc3 Bb4 4. e3 O-O 5. Nge2 d5 6. a3 Bd6 7. c5 Be7 8. b4 c6 {E46: Nimzo-Indian: Rubinstein: 4 e3 0-0 5 Ne2 without early Bd3} 9. Nf4 Nbd7 {LiveBook: 13 Games} 10. Be2 (10. Bd3 e5 11. Nfe2 Re8 12. f3 b6 13. O-O a5 14. Bd2 Bb7 15. Be1 Qc8 {½-½ (30) Rapport,R (2730)-Wojtaszek,R (2744) Novi Sad 2016}) 10... e5 {The position is equal.} 11. dxe5 Nxe5 12. Bb2 Qc7 13. Qd4 {[%cal Rc3d5] [#] With the idea Ncxd5!} Ned7 $146 ({Find the theoretical novelty and annotate with similar games:} 13... Ng6 14. Nxg6 hxg6 15. h4 Be6 16. h5 Nxh5 17. Bxh5 Bf6 18. Qd1 Bxc3+ 19. Bxc3 gxh5 20. Bxg7 Kxg7 21. Qxh5 Kf6 22. Qh4+ Kg6 23. Qh6+ {1-0 (23) Cruz,C (2569)-Svetushkin,D (2580) Linares 2014}) 14. O-O Re8 {[%cal Bf8e8,Be8e4,Be4h4][%mdl 32]} 15. Rad1 (15. Nfxd5 $5 cxd5 16. Nxd5 $14) 15... Bf8 16. Nd3 Ne4 17. Nxe4 Rxe4 18. Qc3 Rh4 {[%csl Gh4][%cal Rc7h2] [#]} 19. Nf4 (19. g3 {keeps more tension.} Rh6 20. Qc2 a5 21. Bf3 b6 22. e4) 19... Rh6 20. h3 $36 {[%mdl 2048] White has some pressure.} Qd8 (20... Nf6 $14) 21. Nh5 {[%cal Rh5g7]} f6 $2 (21... Qg5 $16) 22. e4 $18 Qe8 23. Ng3 dxe4 24. Bc1 Rg6 25. Bh5 f5 26. Bxg6 hxg6 27. Qc4+ (27. Rfe1 $18 {and White stays clearly on top.}) 27... Kh7 $2 {[#]} (27... Qf7 $16 28. Qxf7+ Kxf7) 28. f3 $1 {[%cal Rf3e4]} Qe5 29. Ne2 {fxe4 is the strong threat.} Nf6 30. fxe4 (30. Qf7 $142 Qe7 31. Qxe7 Bxe7 32. Bg5) 30... Be6 31. Qd4 Qxe4 32. Nf4 (32. Qf2 $16) 32... Bb3 33. Qxe4 fxe4 34. Rd4 (34. Rde1 $1 $14) 34... b6 $11 35. cxb6 axb6 36. Be3 ({White should try} 36. Rd2 $15) 36... Rxa3 $17 37. Rd8 Bxb4 38. Bxb6 (38. Rc1 $17) 38... g5 $19 39. Ne2 Bc4 40. Rb1 c5 41. Rb2 (41. Nd4 $142 Bd3 42. Rb3) 41... Nd5 42. Rb8 Ra1+ 43. Kh2 Ba3 44. Rc2 Bd3 45. Rd2 c4 46. Rb7 c3 $2 (46... Bd6+ $19 {is more deadly.} 47. g3 e3) 47. Nxc3 $17 Bd6+ ({Better is} 47... Nxc3 48. Bd4 Rc1 49. Rxg7+ Kh6) 48. g3 Nxc3 (48... Nxb6 $17 49. Rxb6 Bc7) 49. Bd4 $15 Ra3 (49... Rc1 $5 {[%cal Rc3e2]} 50. Rxg7+ Kh6 $17) 50. Rxg7+ Kh6 51. Rf2 $2 {[%mdl 8192]} (51. Rd7 $11 Bb8 52. Rb7) 51... Ra2 $2 (51... Ne2 $19 52. Ra7 Bxg3+ 53. Kg2 Bxf2 54. Bg7+ Kg6 55. Rxa3 Bc5) 52. Rxa2 $11 Nxa2 53. Rf7 {Black must now prevent Rf6+.} (53. Rb7 $5 {[%cal Rb7b6]} Bb4 54. Rb6+ Kh7 55. Be3 $15) 53... Bb4 54. Rf6+ Kh7 {next ...Bd2 is good for Black.} 55. Rf7+ Kg8 56. Rg7+ Kf8 {And now ...e3! would win.} 57. Rxg5 Kf7 58. h4 Nc3 (58... Bd2 $1 $15 59. Rf5+ Ke6) 59. Rg7+ Ke6 60. h5 Nd5 {Hoping for ...e3.} 61. Rg6+ Kf5 ({Black should play} 61... Kf7 $11 62. Rg5 Ke6) 62. g4+ $14 Kf4 {Strongly threatening ...e3.} 63. h6 {White is slightly better.} e3 64. h7 e2 65. h8=Q {White wants to mate with Qe5+.} e1=Q 66. Qh6+ {[%mdl 1024] White has compensation.} Kf3 {( -> ...Qg3+)} 67. Qh3+ {Precision: White = 46%, Black = 50%.} 1/2-1/2

[Event "16th IRI-chT Super League 2017"]
[Site "Sari"]
[Date "2017.09.13"]
[Round "2"]
[White "Azali, Tannaz"]
[Black "Alinasab, Mobina"]
[Result "0-1"]
[WhiteElo "1867"]
[BlackElo "2245"]
[Annotator "TA"]
[PlyCount "78"]
[EventDate "2017.??.??"]
[EventType "team-tourn"]
[EventCountry "IRI"]
[SourceTitle "playchess.com"]
[Source "ChessBase"]
[SourceQuality "1"]

{[%evp 11,78,0,41,0,0,0,0,0,0,-5,0,-46,-5,0,12,-6,12,20,29,10,18,14,6,-18,-15,-37,-28,-30,-24,-40,-21,-47,0,-21,-13,-18,-2,-29,11,7,72,73,78,48,56,0,128,159,145,121,114,99,107,56,61,-5493,-5510,-5393,-5318,-29990,0,0,0,-29990,-29991,-29992,-29993,-29993,-29994]} 1. d4 e6 2. c4 Nf6 3. Nc3 Bb4 4. Qc2 O-O 5. a3 Bxc3+ 6. Qxc3 Qe8 7. Bf4 {E32: Nimzo-Indian: Classical (4 Qc2): 4...0-0} (7. g3 Ne4 8. Qc2 f5 9. Bg2 b6 10. Nh3 Bb7 11. O-O c5 12. dxc5 bxc5 13. Be3 Qc8 14. b4 cxb4 15. axb4 {1-0 (33) Nguyen,N (2634)-Cordova,E (2629) Tromsoe 2014}) 7... d6 8. Nf3 Nbd7 9. e3 {The position is equal.} b6 10. Bd3 Bb7 11. Bg3 $146 ({Predecessor:} 11. O-O-O h6 12. Rde1 Be4 13. Nd2 Bxd3 14. Qxd3 e5 {1-0 (27) Marcolin,A-Valle,A (2227) Vitoria 2001}) 11... Qe7 12. O-O Rfe8 13. Rad1 Bxf3 (13... Ne4 $5 {[%cal Re4c3]} 14. Qc2 f5 $11) 14. gxf3 e5 15. Bf5 e4 16. fxe4 Nxe4 17. Bxe4 (17. Qc2 {seems wilder.} g6 18. Bh3 Nxg3 19. hxg3 h5 20. Kg2) 17... Qxe4 18. Rde1 Qg6 19. f3 f5 20. Kh1 Nf6 21. Bh4 Nd7 22. Bg3 Qh5 23. Qb3 Kh8 24. Qb5 Qf7 25. e4 c5 (25... Rf8 $11 {remains equal.}) 26. Bxd6 $16 {[%cal Rd4c5]} a6 27. Qc6 {[#] Threatens to win with e5.} cxd4 28. exf5 (28. Qd5 $14 Qxd5 29. exd5 (29. cxd5 Nf6 $11)) 28... Nf6 (28... Qxf5 $11 29. Qd5 Qxd5 30. cxd5 d3) 29. Be5 (29. Qxb6 $6 Qxc4 30. Qc5 Qb3 $14) 29... d3 30. Bxf6 gxf6 31. Re6 Rad8 32. Rd1 (32. Rxf6 Qg7 $17) (32. Qxb6 $16 {Black must now prevent Rxe8+.} Rf8 33. Qf2 (33. Qxa6 Qg7 $16)) 32... Rg8 $14 {Hoping for ...Qg7.} 33. Qe4 $2 {[%mdl 8192] [#]} ({Wrong is} 33. Rxf6 $2 Qg7 $19) (33. Re4 $14) 33... Qg7 $1 $19 {[%csl Gg8][%cal Rg7g2]} 34. Qg4 Qh6 35. Qe4 Qg5 {[%csl Gg8][%cal Rg5g2]} 36. Qg4 $1 {[%cal Rg4g5] Qxg5 is the strong threat.} Qh6 $40 {[%mdl 128] Black attacks.} 37. Qe4 Qh3 {[%csl Gg8][%cal Rh3g2] Black mates.} 38. f4 Qg4 39. Rf1 d2 {Precision: White = 37%, Black = 42%.} 0-1

[Event "16th IRI-chT Super League 2017"]
[Site "Sari"]
[Date "2017.09.14"]
[Round "3"]
[White "Idani, Pouya"]
[Black "Moosavian, S Hamed"]
[Result "1-0"]
[WhiteElo "2566"]
[BlackElo "2335"]
[Annotator "TA"]
[PlyCount "73"]
[EventDate "2017.??.??"]
[EventType "team-tourn"]
[EventCountry "IRI"]
[SourceTitle "playchess.com"]
[Source "ChessBase"]
[SourceQuality "1"]

{[%evp 9,73,5,49,49,70,68,67,62,77,64,77,77,149,137,170,158,158,141,111,133,184,183,227,229,231,255,223,222,229,123,198,169,187,178,187,186,224,222,243,216,223,229,215,226,223,212,223,239,285,300,339,331,450,491,465,438,436,435,993,1000,977,933,661,652,29991,29992]} 1. d4 e6 2. c4 f5 3. Nc3 Nf6 4. f3 Bb4 (4... d5 5. Bg5 Be7 6. e3 O-O 7. Bd3 c5 8. Nge2 Nc6 9. a3 cxd4 10. exd4 e5 11. O-O exd4 12. Bxf6 dxc3 13. Bxc3 {1-0 (50) Ivanisevic,I (2662)-Rombaldoni,A (2518) Bergamo 2015}) 5. Bd2 c5 6. a3 {A85: Dutch Defence: 2 c4 Nf6 3 Nc3} cxd4 $146 ({Find the theoretical novelty and annotate with similar games:} 6... Bxc3 7. Bxc3 cxd4 8. Qxd4 Nc6 9. Qd6 Qe7 10. Qxe7+ Kxe7 11. e3 b6 12. h3 {1-0 (50) Ringoir,T (2514)-Varley,P (2251) Warsaw 2013}) 7. axb4 {[#] Nb5 is the strong threat.} dxc3 8. Bxc3 {White is slightly better.} d5 9. e3 O-O 10. Nh3 Nh5 ({Better is} 10... Qe7) 11. Qd2 $16 b6 12. cxd5 exd5 13. O-O-O Bb7 14. Bc4 Nf6 {[#]} (14... Na6 $16 {might work better.}) 15. Nf4 $1 $18 Nbd7 16. Nxd5 Nxd5 17. Bxd5+ Bxd5 18. Qxd5+ Rf7 19. Qe6 (19. e4 $18 b5 20. exf5) 19... a5 (19... Qe7 $16 20. Qb3 Re8) 20. bxa5 Qc7 21. Rd5 Nf8 22. Qe5 ({Don't blunder} 22. axb6 $2 Qb7 $19) 22... Qc4 23. Rhd1 bxa5 24. Qd4 Qc7 25. Rc5 Qxh2 26. Rxf5 ({Weaker is} 26. Rxa5 Rxa5 27. Bxa5 Qxg2 $14) 26... Raa7 27. Rxf7 Rxf7 28. Rd2 a4 29. e4 ({Resist} 29. Qxa4 $6 Qg1+ 30. Kc2 Qxe3 $18) 29... a3 30. bxa3 Rc7 31. Qd5+ Kh8 32. Kb2 {Black must now prevent Be5.} Qg1 33. Qd4 Qe1 (33... Rb7+ $142 34. Bb4 Qxd4+ 35. Rxd4 Rb8) 34. Qd8 {[%cal Rd8f8]} Rf7 35. Bb4 Kg8 36. Qd5 Ng6 37. Rc2 {Precision: White = 84%, Black = 27%.} 1-0

[Event "16th IRI-chT Super League 2017"]
[Site "Sari"]
[Date "2017.09.14"]
[Round "3"]
[White "Ghaem Maghami, Ehsan"]
[Black "Alavi, Sayed Javad"]
[Result "1/2-1/2"]
[WhiteElo "2560"]
[BlackElo "2458"]
[Annotator "TA"]
[PlyCount "45"]
[EventDate "2017.??.??"]
[EventType "team-tourn"]
[EventCountry "IRI"]
[SourceTitle "playchess.com"]
[Source "ChessBase"]
[SourceQuality "1"]

{[%evp 26,45,35,12,14,16,22,14,29,22,25,0,29,-4,-4,-12,-9,-9,-6,-7,0,-30]} 1. Nf3 Nf6 2. c4 e6 3. g3 d5 4. Bg2 Be7 5. d4 O-O 6. O-O dxc4 7. Qc2 a6 8. a4 Bd7 9. Qxc4 Bc6 10. Rd1 a5 11. Nc3 Na6 12. Bg5 Nb4 {E05: Open Catalan: 5 Nf3 Be7} 13. Rac1 Rc8 14. e3 {[%cal Be2e3,Be3e4,Be4e5][%mdl 32] LiveBook: 3 Games} (14. Bxf6 $5 Bxf6 15. Ne5 $14) 14... h6 (14... Bd5 $5 15. Qe2 (15. Nxd5 exd5 16. Qb3 c6 $11) 15... Bb3 $11) (14... Bxf3 15. Bxf3 c6 16. Qb3 Nfd5 17. Bxe7 Qxe7 18. Bxd5 exd5 19. Na2 Nxa2 20. Qxa2 h5 21. h4 Rfe8 22. Qb3 Qd7 {½-½ (22) Vorobiov,E (2571)-Sasikiran,K (2632) Cappelle la Grande 2016}) 15. Bxf6 Bxf6 16. e4 g6 $146 ({Find the theoretical novelty and annotate with similar games:} 16... Qd7 17. b3 Rcd8 18. h4 Qc8 19. Nh2 Qb8 20. Ng4 {1-0 (37) Ionov,S (2495)-Gonzalez Aguirre,L (2300) Alcobendas 1993}) 17. h4 Qe7 18. Bh3 Bd7 19. h5 gxh5 {The position is equal.} 20. Qe2 Rcd8 21. e5 Bg7 22. Nh4 Bc6 23. Bg2 1/2-1/2

[Event "16th IRI-chT Super League 2017"]
[Site "Sari"]
[Date "2017.09.14"]
[Round "3"]
[White "Pourramezanali, Amirreza"]
[Black "Aghaei, Alireza"]
[Result "1-0"]
[WhiteElo "2534"]
[BlackElo "2249"]
[Annotator "TA"]
[PlyCount "61"]
[EventDate "2017.??.??"]
[EventType "team-tourn"]
[EventCountry "IRI"]
[SourceTitle "playchess.com"]
[Source "ChessBase"]
[SourceQuality "1"]

{[%evp 16,61,40,39,45,33,45,42,42,44,32,0,0,0,52,58,78,53,88,78,56,66,60,44,52,57,44,56,43,57,100,96,120,103,306,320,281,189,289,205,197,182,355,360,347,350,362,358]} 1. e4 g6 2. d4 Bg7 3. Nf3 d6 4. Be2 Nf6 5. Nc3 O-O 6. O-O c6 7. a4 Nbd7 8. a5 e5 9. dxe5 {LiveBook: 22 Games. B08: Pirc Defence: Classical System} (9. Re1 Rb8 10. Bf1 Qc7 11. h3 Re8 12. Be3 exd4 13. Bxd4 b5 14. axb6 axb6 15. Qd2 b5 16. b4 Ne5 17. Nxe5 dxe5 {1-0 (55) Firouzja,A (2456)-Bologan,V (2640) Doha 2016}) 9... Nxe5 10. Bg5 Qc7 11. h3 {White is slightly better.} Be6 $146 ({Predecessor:} 11... Re8 12. Qd2 Ned7 13. Rfe1 Nxe4 14. Nxe4 Rxe4 15. Bf4 Rxf4 16. Qxf4 Bxb2 17. Rad1 {1-0 (38) Schroeder,M (2406)-Tanis,C (2262) ICCF email 2012}) 12. Nd2 {[%cal Bf3d2,Bd2b3,Bb3a5][%mdl 32]} Ned7 13. Bf4 b5 14. axb6 Nxb6 ({Black should play} 14... axb6 $11 15. Nf3 Rxa1 16. Qxa1 Nh5) 15. Nb3 Rfd8 16. Na5 Qd7 17. Qd2 d5 18. e5 Ne8 19. Nb3 d4 20. Ne4 $36 {[%cal Bc3e4,Be4c5,Bc5b3][%mdl 2080] White fights for an advantage.} d3 21. Bxd3 {Hoping for Nbc5.} Bxb3 $1 22. Nc5 Qd5 23. Nxb3 {And now Ra5 would win.} Nc4 24. Qe2 Nxb2 $2 {[#]} (24... Nxe5 $16 25. Ba6 Nc7) 25. Be4 $18 Qe6 26. Bf3 {Threatens to win with Rfb1.} Qc4 (26... Nd3 {was necessary.}) 27. Bg3 {Ra2 is the strong threat.} Qxe2 28. Bxe2 {[#] Black must now prevent Rfb1.} Rd5 $2 (28... a5 {was called for.} 29. Nxa5 Rd2) 29. Rfb1 Rxe5 30. Bxe5 Bxe5 31. Ra2 {Precision: White = 71%, Black = 54%.} 1-0

[Event "16th IRI-chT Super League 2017"]
[Site "Sari"]
[Date "2017.09.14"]
[Round "3"]
[White "Darini, Pouria"]
[Black "Poormosavi, Seyed Kian"]
[Result "1-0"]
[WhiteElo "2488"]
[BlackElo "2123"]
[Annotator "TA"]
[PlyCount "47"]
[EventDate "2017.??.??"]
[EventType "team-tourn"]
[EventCountry "IRI"]
[SourceTitle "playchess.com"]
[Source "ChessBase"]
[SourceQuality "1"]

{[%evp 9,47,14,48,20,19,15,25,59,100,57,84,50,65,74,104,88,94,76,136,131,144,146,144,143,130,131,170,153,160,157,213,216,237,257,373,362,464,467,485,473]} 1. e4 c5 2. Nf3 Nc6 3. Bb5 g6 4. O-O Bg7 5. c3 d5 {LiveBook: 6 Games} 6. d3 {B31: Sicilian: 2...Nc6 3 Bb5 g6} Qb6 7. Na3 dxe4 $146 ({Find the theoretical novelty and annotate with similar games:} 7... Nf6 8. Re1 dxe4 9. dxe4 O-O 10. Qa4 Bd7 11. e5 a6 12. exf6 axb5 13. Qd1 Bxf6 14. Qxd7 {1-0 (23) Barrientos Chavarriaga,S (2459)-Munoz,J (2191) Bogota 2012}) 8. dxe4 {White has an edge.} Bg4 9. h3 Rd8 10. Qe2 (10. Qa4 {looks sharper.} Bxf3 11. Nc4 Qc7 12. gxf3 Nf6 13. Be3) 10... Bxf3 11. Qxf3 a6 12. Be2 $36 {[%mdl 2048] White is really pushing.} ({Of course not} 12. Bc4 Nf6 $11) 12... Qc7 13. Bf4 e5 (13... Be5 $142 14. Bxe5 Nxe5) 14. Be3 $16 Qe7 15. Nc4 {[%cal Ba3c4,Bc4b6,Bb6a4][%mdl 32]} Nf6 16. a4 {[%cal Ba2a4,Ba4a5][%mdl 32]} O-O 17. a5 Ne8 18. Nb6 Nc7 19. Bc4 Kh8 (19... Rfe8 $16 {might work better.} 20. Rfd1 Rxd1+ 21. Rxd1 Rd8 22. Rxd8+ Nxd8) 20. Na4 $18 Nxa5 21. Bxc5 Qg5 (21... Qe8 $142) 22. Bxf8 Nxc4 23. Qxf7 {[%csl Gf7][%cal Rf8g7] [#]} Rxf8 24. Qxc4 {Precision: White = 88%, Black = 53%.} 1-0

[Event "16th IRI-chT Super League 2017"]
[Site "Sari"]
[Date "2017.09.14"]
[Round "3"]
[White "Khademalsharieh, Sarasadat"]
[Black "Mahdian, Anousha"]
[Result "0-1"]
[WhiteElo "2433"]
[BlackElo "1940"]
[Annotator "TA"]
[PlyCount "58"]
[EventDate "2017.??.??"]
[EventType "team-tourn"]
[EventCountry "IRI"]
[SourceTitle "playchess.com"]
[Source "ChessBase"]
[SourceQuality "1"]

{[%evp 10,58,38,19,18,23,22,20,16,20,26,2,3,0,0,0,0,0,37,34,32,0,0,-8,1,0,0,0,-4,-20,0,0,0,0,0,0,0,-1,21,-18,0,-23,-25,-22,-7,-76,12,13,21,-568,-556]} 1. Nf3 d5 2. g3 Nf6 3. Bg2 Bf5 4. O-O e6 5. d3 {[%cal Bd2d3,Bd3e4][%mdl 32]} Nbd7 6. Nbd2 Be7 {A07: Réti Opening: New York and Capablanca Systems} 7. Re1 (7. Qe1 O-O 8. b3 h6 9. Bb2 Bh7 10. e4 c6 11. Qe2 a5 12. a3 Qc7 13. e5 Ne8 14. Rac1 b5 15. Rfe1 Qb7 16. Nf1 Nc7 17. Ne3 Qa6 18. h4 Rab8 19. h5 c5 20. Ng4 c4 {½-½ (51) Lagunow,R (2343)-Niermann,T (2346) Willingen 2017}) 7... c6 8. e4 dxe4 {The position is equal.} 9. dxe4 Bg6 10. Qe2 O-O 11. h3 h6 $146 ({Predecessor:} 11... Qc7 12. a3 Rad8 13. e5 Nd5 14. c4 N5b6 15. b4 {0-1 (25) Blot,D (1820)-Appavou,C (1910) Fontenay le Fleury 2003}) 12. b3 a5 13. a4 Nc5 14. Ne5 Bh5 15. Qe3 Nfd7 16. Ndc4 Qc7 17. Bb2 b5 18. Nxd7 Nxd7 19. Nd2 {[%cal Bc4d2,Bd2f1,Bf1e3][%mdl 32]} Bc5 (19... Rfd8 {seems wilder.} 20. Nf3 e5 21. g4 Bg6 22. Red1 f6) 20. Bd4 Bxd4 21. Qxd4 e5 22. Qc3 Qb6 23. Nf1 Qc5 24. Qb2 (24. Qd2 {keeps more tension.} Rfd8 25. axb5 Qxb5 26. g4 Nf8 27. Qc3) 24... Nb6 25. axb5 cxb5 26. Ne3 Rfc8 27. Rxa5 {[#]} (27. Nd5 $11 {remains equal.} Nxd5 28. exd5) 27... Rxa5 (27... Na4 $1 $17 {[%cal Ra4b2]} 28. Rxa4 bxa4 29. bxa4 Rxa4) 28. b4 $11 Na4 29. Qa3 $2 {[%mdl 8192]} (29. Qb3 $11 Qa7 30. bxa5 Qxa5 31. Ra1) 29... Qf8 {Precision: White = 53%, Black = 53%.} 0-1